Five Letter Geography - N - Statistics

General Stats
  • This quiz has been taken 66 times
    5 since last reset
  • The average score is 7 of 10
Answer Stats
Hint Answer % Correct
Smallest Island country in the world Nauru
100%
Country with eight of the ten tallest mountains Nepal
100%
The second island of Saint Kitts Nevis
100%
Landlocked country with high birth rates in Africa Niger
100%
One of the four cardinal directions on a compass North
100%
North American Free Trade Agreement NAFTA
80%
City in Finland sharing its name with a phone Nokia
80%
Coastal city in Northeastern Brazil Natal
40%
Relating to the culture of ancient Scandinavia Norse
40%
Third most populated city in Estonia Narva
0%
No matching quizzes found
Score Distribution
Percent of People with Each Score
Percentile by Number Answered
Your Score History
You have not taken this quiz since the last reset